000 00970nam a22002537a 4500
005 20170124102953.0
010 _aA-990257
020 _c250.00
035 _aA-990257
037 _bCen Lib/Ret
040 _aDPL
_bHN
082 _a
_bदुबेसा
100 _aदुबे, सावित्री
_952164
245 _aचंदन काठी /
_cसावित्री दुबे
246 _aChandan kathi /
_bby Savitri Dube
260 _aदिल्ली
_bअभिरुचि प्रकाशन
_c1999
270 _a3/114, कर्ण गली, विश्वास नगर
_bदिल्ली
_e110032
300 _a274पृ.
_c21सेमी (सजिल्द)
650 _aहिन्दी साहित्य
_952165
650 _aहिन्दी उपन्यास
_952166
650 _aHindi literature
_952167
650 _aHindi novel
_952168
942 _2ddc
_cHN
_h
_mदुबेसा
999 _c113420
_d113420